| 000 | 01006nam a2200265Ia 4500 | ||
|---|---|---|---|
| 003 | OSt | ||
| 005 | 20220930092248.0 | ||
| 006 | a|||||r|||| 00| 0 | ||
| 007 | ta | ||
| 008 | 220926b |||||||| |||| 00| 0 eng d | ||
| 024 | _a19397 | ||
| 037 | _cTheses | ||
| 040 |
_aCRL _cCRL _beng |
||
| 041 |
_2eng _aeng |
||
| 100 |
_aChhikara Ashwani Kumar _9548333 |
||
| 110 |
_aUniversity of Delhi. Faculty of Inder-Disciplinary and Applied Sciences. Department of Physical Education and Sports Science _9548334 |
||
| 245 | 0 | _aDevelopment and validation of psychological skills assessment scale (PSAS) for baseball players | |
| 260 | _c2013 | ||
| 650 |
_a SPORTS _929484 |
||
| 650 |
_aPHYSICAL EDUCATION _9200257 |
||
| 700 |
_a Dr. Sandeep Tiwari Gu. _9548335 |
||
| 700 |
_aUniversity of Delhi. Faculty of Inder-Disciplinary and Applied Sciences. Department of Physical Education and Sports Science _9548336 |
||
| 942 |
_cDIS _2CC |
||
| 999 |
_c883508 _d883508 |
||